Top 25 biggest economies - Statistics

General Stats
  • This quiz has been taken 60 times
  • The average score is 23 of 25
Answer Stats
GDP (in US$) Answer % Correct
1.48 Tn Australia
100%
2.06 Tn Brazil
100%
15.47 Tn China
100%
2.93 Tn United Kingdom
100%
2.88 Tn France
98%
4.16 Tn Germany
98%
3.26 Tn India
98%
5.50 Tn Japan
98%
1.30 Tn Mexico
98%
22.20 Tn United States
98%
1.83 Tn Canada
96%
2.09 Tn Italy
96%
1.50 Tn Spain
96%
1.21 Tn Indonesia
94%
1.67 Tn Russia
94%
954.93 Bn Netherlands
92%
1.74 Tn South Korea
92%
643.27 Bn Poland
90%
790.06 Bn Saudi Arabia
90%
553.78 Bn Belgium
86%
809.55 Bn Turkey
86%
576.72 Bn Sweden
84%
740.70 Bn Switzerland
84%
547.43 Bn Thailand
84%
633.70 Bn Taiwan
65%
No matching quizzes found
Score Distribution
Percent of People with Each Score
Percentile by Number Answered
Your Score History
You have not taken this quiz